| 000 | nam a22 7a 4500 | ||
|---|---|---|---|
| 999 |
_c332557 _d332557 |
||
| 003 | NUST | ||
| 005 | 20171213120140.0 | ||
| 008 | 171213b xxu||||| |||| 00| 0 eng d | ||
| 020 | _a1883337143 | ||
| 040 | _c0 | ||
| 082 | _a658.40095 ISO | ||
| 245 | _aISO 14000 Questions & Answers | ||
| 250 | _a5th ed. | ||
| 260 |
_aUSA _bCEEM _c1999. |
||
| 300 | _a52p. | ||
| 500 | _aP.B | ||
| 942 |
_2ddc _cBK _kIESE |
||